000 00723nam a2200289Ia 4500
005 20260324113015.0
008 008 260324s9999 xx 000 0 eng d
020 _a9781003502746
037 _aEBOOK
040 _aCRL
040 _beng
040 _cCRL
041 _2eng
041 _aeng
084 _qCRL
100 _aBradley Eyes
_91145048
245 0 _aTechnical Challenges of the Battery Electric Vehicle Transition
245 0 _bEmissions, Energy, and Policy Implications
260 _bTaylor and Francis
260 _c2024
365 _a
365 _b105
856 _uhttp://www.taylorfrancis.com/books/9781003502746
942 _cEBOOK
999 _c1734466
_d1734466